|
|
|
|
| LEADER |
00000nam0a2200000 4500 |
| 001 |
116745 |
| 005 |
20240821124255.0 |
| 035 |
|
|
|a (RuTPU)RU\TPU\book\126334
|
| 090 |
|
|
|a 116745
|
| 100 |
|
|
|a 20070525d2007 m y0rusy50 ca
|
| 101 |
0 |
|
|a rus
|
| 102 |
|
|
|a RU
|
| 105 |
|
|
|a y j 001zy
|
| 200 |
1 |
|
|a История тоталитарных режимов XX века
|e учебное пособие
|f В. А. Черный
|g Томский политехнический университет
|
| 210 |
|
|
|a Томск
|c Изд-во ТПУ
|d 2007
|
| 215 |
|
|
|a 68 с.
|
| 225 |
1 |
|
|a Учебники Томского политехнического университета
|
| 320 |
|
|
|a Библиогр.: с. 68.
|
| 330 |
|
|
|a В учебном пособии рассматривается одна из форм тоталитаризма -фашизм. Даётся анализ истории формирования, становления и краха тоталитарных режимов Б. Муссолини в Италии и А. Гитлера в Германии. Анализируются основные идеи, признаки фашизма. В пособии также представлен конкретно-исторический материал по исследуемым проблемам. Пособие предназначено для студентов всех специальностей, изучающих курс «История тоталитарных режимов XX века», а также всех интересующихся новейшей историей.
|
| 606 |
|
|
|a Всеобщая история
|z 20 в.
|9 88637
|
| 610 |
1 |
|
|a тоталитарные режимы
|
| 610 |
1 |
|
|a 20 век
|
| 610 |
1 |
|
|a учебные пособия
|
| 610 |
1 |
|
|a фашизм
|
| 610 |
1 |
|
|a Италия
|
| 610 |
1 |
|
|a Германия
|
| 610 |
1 |
|
|a идеология
|
| 686 |
|
|
|a Т3(0)6я7
|2 rubbk
|
| 700 |
|
1 |
|a Черный
|b В. А.
|c историк
|c доцент Томского политехнического университета, кандидат исторических наук
|f 1960-
|g Виктор Алексеевич
|3 (RuTPU)RU\TPU\pers\26635
|
| 712 |
0 |
2 |
|a Томский политехнический университет
|3 (RuTPU)RU\TPU\col\376
|
| 801 |
|
1 |
|a RU
|b 63413507
|c 20070525
|g PSBO
|
| 801 |
|
2 |
|a RU
|b 63413507
|c 20191105
|g PSBO
|
| 942 |
|
|
|c BK
|